Catálogo

EMPRESAS Y PERSONAS : (Registro nro. 49508)

Detalles MARC
000 -LEADER
fixed length control field 01045nam a2200193 a 4500
001 - CONTROL NUMBER
control field 49508
005 - DATE AND TIME OF LATEST TRANSACTION
control field 20180714034230.0
008 - FIXED-LENGTH DATA ELEMENTS--GENERAL INFORMATION
fixed length control field 140415s2003 sp 000 0 spa d
020 ## - INTERNATIONAL STANDARD BOOK NUMBER
International Standard Book Number 8479785462
041 ## - LANGUAGE CODE
Language code of text/sound track or separate title spa
082 ## - DEWEY DECIMAL CLASSIFICATION NUMBER
Classification number 658.15
Item number QUI
100 1# - MAIN ENTRY--PERSONAL NAME
Personal name QUINTANILLA PARDO, ISMAEL
245 10 - TITLE STATEMENT
Title EMPRESAS Y PERSONAS :
Remainder of title GESTION DEL CONOCIMIENTO Y CAPITAL HUMANO
250 ## - EDITION STATEMENT
Edition statement 1a ed.
260 ## - PUBLICATION, DISTRIBUTION, ETC.
Place of publication, distribution, etc. ESPAÑA :
Name of publisher, distributor, etc. EDICIONES DIAZ DE SANTOS,
Date of publication, distribution, etc. 2003
300 ## - PHYSICAL DESCRIPTION
Extent 378
Dimensions 21.4 x 15 x 1.5
520 ## - SUMMARY, ETC.
Summary, etc. EL ESCENARIO EMPRESARIAL DE NUESTRA EPOCA SE INSCRIBE EN LO QUE SE HA DENOMINADO LA SOCIEDAD DE LA INFORMACION. REGIDA POR UN ESPACIO DE GRANDES CAMBIOS Y TRANSFORMACIONES Y MEDIADA POR LA CULTURA DE LA INSTANTANEIDAD EN LA QUE EL MERCADO ES SU MAYOR VALEDOR Y PROTAGONISTA. ES DECIR, UNA ECONOMIA CUYA PRINCIPAL CERTIDUMBRE ES LA INCERTIDUMBRE. ACELERADA Y RAPIDAMENTE CAMBIAN LOS MERCADOS, LAS TECNOLOGIAS SE MULTIPLICAN, LOS PRODUCTOS QUEDAN ANTICUADOS RAPIDAMENTE Y SE MULTIPLICAN LOS C
650 14 - SUBJECT ADDED ENTRY--TOPICAL TERM
Topical term or geographic name entry element CONOCIMIENTO
General subdivision ADMINISTRACION
Existencias
Withdrawn status Lost status Source of classification or shelving scheme Damaged status Not for loan Collection code Home library Current library Shelving location Date acquired Source of acquisition Inventory number Total Checkouts Full call number Barcode Date last seen Date last checked out Price effective from Koha item type
    Dewey Decimal Classification     General Biblioteca Karol Wojtyla Biblioteca Karol Wojtyla Sala general 03/12/2013 Compra 151000000000000000004937   658.15 QUI 73978 05/01/2026 22/01/2016 03/12/2013 Libro